|
|
|
|
| LEADER |
00783nab a2200229 i 4500 |
| 001 |
publ18210 |
| 005 |
20200211132007.0 |
| 008 |
200211s2018 hu o 0|| zxx d |
| 022 |
|
|
|a 2065-0817
|
| 024 |
7 |
|
|a 3309786
|2 mtmt
|
| 040 |
|
|
|a SZTE Publicatio Repozitórium
|b hun
|
| 041 |
|
|
|a zxx
|
| 100 |
1 |
|
|a Boros Lajos
|
| 245 |
1 |
0 |
|a Airbnb in Budapest
|h [elektronikus dokumentum] :
|b analysing spatial patterns and room of hotels and peer-to-peer accomodations /
|c Boros Lajos
|
| 260 |
|
|
|c 2018
|
| 300 |
|
|
|a 26-38
|
| 490 |
0 |
|
|a GEOJOURNAL OF TOURISM AND GEOSITES
|v 10 No. 1
|
| 700 |
0 |
1 |
|a Dudás Gábor
|e aut
|
| 700 |
0 |
1 |
|a Kovalcsik Tamás
|e aut
|
| 700 |
0 |
1 |
|a Papp Sándor
|e aut
|
| 700 |
0 |
1 |
|a Vida György
|e aut
|
| 856 |
4 |
0 |
|u http://publicatio.bibl.u-szeged.hu/18210/1/267_Boros.pdf
|z Dokumentum-elérés
|